000 00400nam a2200145Ia 4500
005 20251222152607.0
008 251222s9999||||xx |||||||||||||| ||spa||
020 _a9789972234323
082 _a343.8/A66
100 _aArancibia Cueva, Miguel
245 0 _aCódigo Tributario Comentado y Concordado Jurisprudencia Sectorial
250 _a1ra.ed.
264 _bPacifico Editores S.A.
942 _cLIB
999 _c26823
_d26823